| 000 | 00587nam a2200169Ia 4500 | ||
|---|---|---|---|
| 003 | GCL | ||
| 005 | 20240530110153.0 | ||
| 008 | 140319s9999 xx 000 0 ara d | ||
| 040 |
_aGCL / _cGCL |
||
| 082 | 0 | 4 |
_a347.06 _bع ت |
| 100 | 0 | _aعزالدين الدناصورى | |
| 245 | 1 | 0 |
_aالتعليق على قانون الاثبات / _cعزالدين الدناصورى ، حامد عكاز |
| 260 |
_a[S.N] : _bلجنة الاعلام والدراسات المستقبلية ، _c1992 |
||
| 300 | _a703 ص | ||
| 700 | 0 |
_aحامد عكاز _eمؤلف مشارك |
|
| 942 |
_2ddc _cBK |
||
| 999 |
_c59161 _d59161 |
||